000 00600nam a22001217a 4500
008 110614t xxu||||| |||| 00| 0 eng d
010 _aSCCAF21
245 _aSupreme Court Criminal Appeal No. 40 OF 2001 Lubega Gerald Vs Uganda
260 _c2001
500 _aCoram: Odoki, CJ, Oder, Karokora, Kanyeihamba and Kato, JJ.S.C.
500 _aAppeal from the decision of the Court of Appeal in Kampala Mukasa-Kikonyogo, DCJ, Berko and Engwau, JJ.A., dated 6th June, 2001 in Criminal Appeal No. 78 of 2000
999 _c2935
_d2935